Países de Oceanía en un Minuto - Estadísticas

Estadísticas generales
  • Esta prueba ha sido intentada 54 veces
  • La puntuación promedio es 12 de 14
Respuestas en el mapa
Las respuestas están codificadas por una escala verde-roja en el mapa de la prueba según el % correcto abajo.
 
Estadísticas de respuestas
País % Correcto
Australia
97%
Fiyi
94%
Islas Salomón
94%
Nueva Zelanda
94%
Papua Nueva Guinea
94%
Tonga
91%
Kiribati
89%
Tuvalu
89%
Vanuatu
89%
Islas Marshall
86%
Micronesia
86%
Nauru
86%
Samoa
86%
Palaos
71%
No se encontraron pruebas coincidentes
Distribución de puntuación
Porcentaje de gente con cada puntuación
Porcentaje por número respondido
Historial de tus puntuaciones
No has intentado esta prueba.